Facets Of Indian Advertising And Consumer Behaviour: An Empirical Approach (Record no. 13128)

MARC details
000 -LEADER
fixed length control field 00388nam a22001457a 4500
003 - CONTROL NUMBER IDENTIFIER
control field SGT
020 ## - INTERNATIONAL STANDARD BOOK NUMBER
International Standard Book Number 9788173914478
082 ## - DEWEY DECIMAL CLASSIFICATION NUMBER
Classification number 659
Item number F02K
100 ## - MAIN ENTRY--PERSONAL NAME
Personal name Kaleem Mohammad Khan
245 ## - TITLE STATEMENT
Title Facets Of Indian Advertising And Consumer Behaviour: An Empirical Approach
260 ## - PUBLICATION, DISTRIBUTION, ETC. (IMPRINT)
Place of publication, distribution, etc NEW DELHI
Name of publisher, distributor, etc Kanishka Publishers
Year of Publication 2002
300 ## - PAGE DESCRIPTION
No. of Pages 288
650 ## - SUBJECT ADDED ENTRY--TOPICAL TERM
Topical term or geographic name as entry element MASS COMMUNICATION
942 ## - ADDED ENTRY ELEMENTS (KOHA)
Source of classification or shelving scheme Dewey Decimal Classification
Koha item type Books
Holdings
Withdrawn status Lost status Source of classification or shelving scheme Damaged status Not for loan Collection code Home library Current library Shelving location Date acquired Vendor Name Cost, normal purchase price SGTU Bill Number Total Checkouts Full call number Accession No. (Barcode) Date last seen Bill Date Koha item type
    Dewey Decimal Classification     MASS COMMUNICATION SGT Science & Social Sciences Library SGT Science & Social Sciences Library Text Book 26/08/2017 INDIAN PUBLISHER 595.00 SGTU 10   659 F02K MC413 26/08/2017 29/04/2017 Books
    Dewey Decimal Classification     MASS COMMUNICATION SGT Science & Social Sciences Library SGT Science & Social Sciences Library Text Book 26/08/2017 INDIAN PUBLISHER 595.00 SGTU 10   659 F02K MC414 26/08/2017 29/04/2017 Books
    Dewey Decimal Classification     MASS COMMUNICATION SGT Science & Social Sciences Library SGT Science & Social Sciences Library Text Book 26/08/2017 INDIAN PUBLISHER 595.00 SGTU 10   659 F02K MC415 26/08/2017 29/04/2017 Books